El Movimiento obrero en la zona bananera del Pacífico Sur: década de los años 50

שמור ב:
מידע ביבליוגרפי
מחבר ראשי: Castro, Sandra
פורמט: Texto
יצא לאור: San José :
נושאים:
תגים: הוספת תג
אין תגיות, היה/י הראשונ/ה לתייג את הרשומה!

MARC

LEADER 00000 a a2200000 04500
001 15749
003
040
090 |a 014200  
100 |a Castro, Sandra  
245 |a El Movimiento obrero en la zona bananera del Pacífico Sur: década de los años 50  
260 |a San José :  
300 |a 21 p.  
650 |a MOVIMIENTOS OBREROS  
999 |c 12876  |d 12876